| 000 | 00460nam a22001337a 4500 | ||
|---|---|---|---|
| 020 | _a9781119513858 | ||
| 040 | _cNUST | ||
| 082 | _a629.24 KOB | ||
| 100 |
_aKobelev, Vladimir _998308 |
||
| 245 |
_aDesign and Analysis of Composite Structures for Automotive Applications: _bChassis and Drivetrain |
||
| 260 |
_aHoboken: _bWiley, _c2019. |
||
| 650 |
_aDesign and Analysis of Composite Structures for Automotive Applications.NUSTTB2022 _9102820 |
||
| 942 |
_2ddc _cBK |
||
| 999 |
_c591255 _d591255 |
||